Un mundo mejor /

Bernardo Kliksberg profundiza en seis casos de amor al prójimo: hombres y mujeres que alguna vez decidieron dar un paso adelante para romper los moldes establecidos y modificar con sus acciones el destino de sus pares. Ejemplos de valentía cuyo fin, en todos los casos, fue el mismo: ayudar al otro a...

Descripción completa

Guardado en:
Autor Principal: Kliksberg, Bernardo
Autor Corporativo: Canal Encuentro.
Formato: Deslizar
Publicado: Argentina, 2013.
Series:El informe Kliksberg: El otro me importa
DVD 1
Materias:
Acceso en línea:https://www.educ.ar/recursos/119041/un-mundo-mejor
Etiquetas: Agregar Etiqueta
Sin Etiquetas, Sea el primero en etiquetar este registro!
LEADER 01250ngm a22003135g 4500
001 CEM.cems023792
008 130507s2013##################0###0#####d
005 20250703133812.0
245 1 0 |a Un mundo mejor /  |c Bernardo Kliksberg. 
260 |a Argentina,  |c 2013. 
300 |a 27'. 
490 0 |a El informe Kliksberg: El otro me importa 
490 1 |a DVD 1 
520 |a Bernardo Kliksberg profundiza en seis casos de amor al prójimo: hombres y mujeres que alguna vez decidieron dar un paso adelante para romper los moldes establecidos y modificar con sus acciones el destino de sus pares. Ejemplos de valentía cuyo fin, en todos los casos, fue el mismo: ayudar al otro a vivir su presente con mayor dignidad. 
500 |a Consultar en ventanilla. 
538 |a Soporte: DVD - Color: Si - Grabación DRD 
100 1 |a Kliksberg, Bernardo 
710 2 |a Canal Encuentro. 
082 3 0 |/ KLI-3 
653 |a SOCIEDAD 
653 |a ESTADO 
653 |a ECONOMIA 
653 |a ECONOMIA POLÍTICA 
653 |a POLITICA 
653 |a PROJIMO 
653 |a ALTRUISMO 
653 |a SERIE DE TELEVISIÓN 
856 |u https://www.educ.ar/recursos/119041/un-mundo-mejor 
859 |a CEMS  |b BIB. CEMS - Depto. Recursos Didacticos  |h 301  |i KLI-3  |k DRD  |p 2435.15  |t Ej.1